Les 7 nouvelles Merveilles du monde - Statistiques

Statistiques générales
  • Ce quiz a été pris 1 445 fois
  • Le résultat moyen est 5 sur 7
Statistiques - réponses
Pays Réponse % Correct
Chine La Grande Muraille
94%
Italie Le Colisée
82%
Inde Taj Mahal
79%
Pérou Le site Inca du Machu Pichu
68%
Jordanie Le site troglodyte de Petra
64%
Brésil La statue du Christ Rédempteur
62%
Mexique Le site archéologique de Chichen Itza
39%
Aucun quiz correspondant
Distribution des résultats
% des personnes avec chaque résultat
Percentile par nombre de réponses
Votre historique - résultats
Vous n’avez pas pris ce quiz